100 Μεγαλύτερες Πόλεις της Ευρώπης με Χάρτη - Statistics

General Stats
  • This quiz has been taken 43 times
  • The average score is 51 of 97
Answers on the Map
Answers color-coded by a green-red scale on the quiz's map according to % correct below.
 
Answer Stats
Πληθυσμός Πόλη % Correct
11,4m Παρίσι
100%
3,58m Ρώμη
100%
3,35m Αθήνα
100%
17,3m Μόσχα
97%
16,0m Κωνσταντινούπολη
97%
14,8m Λονδίνο
97%
806k Θεσσαλονίκη
97%
6,55m Μαδρίτη
95%
4,73m Βερολίνο
95%
3,48m Κίεβο
95%
1,30m Σόφια
95%
4,78m Βαρκελώνη
92%
2,63m Βουδαπέστη
92%
2,20m Βουκουρέστι
92%
1,30m Ελσίνκι
92%
1,19m Όσλο
92%
872k Τίρανα
92%
6,20m Μιλάνο
89%
5,65m Αγία Πετρούπολη
89%
2,48m Άμστερνταμ
89%
2,48m Λισαβόνα
89%
2,38m Βαρσοβία
89%
2,00m Μινσκ
89%
1,39m Δουβλίνο
89%
2,25m Βιέννη
86%
2,23m Στοκχόλμη
86%
1,42m Βελιγράδι
86%
4,23m Νάπολη
84%
2,70m Βρυξέλλες
84%
1,44m Πράγα
81%
809k Ζάγκρεμπ
81%
3,05m Μάντσεστερ
78%
2,25m Μόναχο
78%
1,68m Κοπεγχάγη
78%
1,54m Πόρτο
78%
1,43m Ζυρίχη
70%
1,66m Μασσαλία
68%
819k Κρακοβία
68%
3,25m Ρότερνταμ / Χάγη
65%
1,29m Σεβίλλη
65%
1,01m Φλωρεντία
65%
935k Εδιμβούργο
65%
900k Παλέρμο
65%
1,88m Λίβερπουλ
59%
946k Νίκαια
59%
2,88m Αμβούργο
57%
1,84m Βαλένθια
54%
3,25m Φρανκφούρτη
51%
1,64m Τορίνο
49%
1,98m Λυών
46%
1,68m Γλασκώβη
46%
2,40m Στουτγκάρδη
43%
911k Μπιλμπάο
43%
791k Γενεύη
43%
960k Κάρντιφ
41%
1,11m Οδησσός
38%
1,03m Μάλαγα
38%
771k Βασιλεία
38%
1,08m Μπορντό
35%
1,04m Τουλούζη
35%
708k Γκέτεμποργκ
35%
3,15m Μπέρμιγχαμ
32%
1,64m Χάρκοβο
32%
1,29m Λιλ
32%
834k Δρέσδη
30%
748k Λειψία
30%
2,18m Ληντς
27%
1,15m Ανόβερο
27%
726k Σαραγόσα
27%
1,44m Ντόνετσκ
24%
904k Γκντανσκ
24%
704k Κατάνια
24%
1,20m Νυρεμβέργη
22%
1,00m Βρέμη
22%
995k Ουτρέχτη
22%
1,57m Σέφιλντ
19%
1,22m Αμβέρσα
19%
926k Μπρίστολ
19%
725k Λβιβ
19%
1,16m Σαουθάμπτον
16%
829k Λοτζ
16%
1,48m Νιούκαστλ
14%
1,39m Ντνιπρό
14%
1,38m Νότιγχαμ
14%
915k Κρασνοντάρ
14%
716k Νάντη
14%
712k Λέστερ
14%
1,73m Νίζνι Νόβγκοροντ
11%
1,30m Ροστόφ επί του Ντον
11%
739k Ζαπορίζια
11%
1,41m Βόλγκογκραντ
8%
813k Άαχεν
8%
1,06m Βορόνεζ
5%
1,58m Μάνχαϊμ
3%
935k Μπίλεφελντ
3%
907k Σααρμπρύκεν
3%
712k Κόβεντρι
3%
No matching quizzes found
Score Distribution
Percent of People with Each Score
Percentile by Number Answered
Your Score History
You have not taken this quiz